| 000 | 01324nam a2200217Ia 4500 | ||
|---|---|---|---|
| 003 | Ost | ||
| 005 | 20260416102356.0 | ||
| 008 | 260416s9999||||xx |||||||||||||| ||und|| | ||
| 040 | _cfsecg | ||
| 041 | _aara | ||
| 082 | _a310 | ||
| 100 |
_aسمان، وسيلة _eمؤلف |
||
| 245 | 0 |
_a الإحصاء 2 : _bموجهة لطلاب السنة الأولى جذع مشترك علوم اقتصادية تجارية و علوم التسيير / _c وسيلة سمان |
|
| 260 |
_aالجزائر _bجامعة الجزائر3: كلية العلوم الإقتصادية، العلوم التجارية وعلوم التسيير _c2021 |
||
| 300 |
_a101 ورقة _bايضاحات _c30 سم |
||
| 504 | _aمراجع ص.102 | ||
| 520 | _aمفاهيم عامة حول المجموعات ، الأحداث العشوائية و إحتمالاتها ، التحليل التوافقي و حساب الاحتمالات ، الاحتمال الشرطي ، المتغيرات العشوائية ، التوزيعات الاحتمالية المنقطعة و التوزيعات الاحتمالية المستمرة . | ||
| 653 | _aالاحصاء | ||
| 710 |
_aجامعة الجزائر3: كلية العلوم الإقتصادية، العلوم التجارية وعلوم التسيير _eناشر علمي |
||
| 942 | _cHANDOUT | ||
| 999 |
_c41230 _d41230 |
||